00409cam a2200169ua 45000010005000000080039000050200018000440400009000620410008000710820012000791000031000912450034001222500012001562600039001683000010002076530022002179865161004n ii |||gr||||Z||||||asm a9788176653992 cMAIN aasm a891.451 aBorgohain, Homen,eAuthor. aSarangshacBy Homen Borgohain a3rd ed. aGuwahati:bStudents stores,c2012. a270p. aAsamiya prabandha